[Event "AUTO-ELITE-1150"]
[Site "http://www.queenalice.com/game.php?id=1242913"]
[Date "2013.12.26"]
[Round "2"]
[White "Alsina"]
[Black "CarlosOlivas"]
[Result "0-1"]
[WhiteElo "2558"]
[BlackElo "2518"]

1. d4 Nf6 2. c4 e6 3. Nf3 d5 4. Nc3 h6 5. Bf4 Bd6 6. Bxd6 cxd6 7. cxd5 Nxd5 8.
Nxd5 exd5 9. e3 O-O 10. Bd3 Nc6 11. a3 Na5 12. Qa4 Be6 13. O-O Nc4 14. Qb5 Qb6
15. Qxb6 axb6 16. Ra2 Rfc8 17. a4 b5 18. b3 b4 19. Rc2 Na3 20. Rcc1 Bd7 21. Nd2
Kf8 22. h3 b5 23. Rxc8+ Rxc8 24. a5 Ra8 25. Rc1 Rxa5 26. Kf1 Ra7 27. Ke2 Ke7 28.
g4 Be6 29. Nf1 Nc4 30. Bb1 Ra3 31. bxc4 dxc4 32. Ng3 g6 33. e4 d5 34. e5 b3 35.
Re1 b2 36. Nf1 Rxh3 37. Ne3 b4 38. Rf1 c3 39. Rg1 h5 40. gxh5 gxh5 41. Bc2 b3
42. Bxb3 Rxe3+ 43. Kxe3 Bf5 44. Kf4 b1=Q 45. Rxb1 Bxb1 46. Ke3 Ke6 47. Ba4 h4
48. f4 h3 49. Kf2 c2 0-1

[Event "AUTO-ELITE-1150"]
[Site "http://www.queenalice.com/game.php?id=1242914"]
[Date "2013.12.26"]
[Round "2"]
[White "CarlosOlivas"]
[Black "Alsina"]
[Result "1-0"]
[WhiteElo "2527"]
[BlackElo "2549"]

1. d4 Nf6 2. Nf3 e6 3. Bf4 c5 4. e3 d5 5. c4 Nc6 6. Nc3 a6 7. Rc1 cxd4 8. Nxd4
Bd6 9. cxd5 exd5 10. Bxd6 Qxd6 11. Be2 O-O 12. O-O Bd7 13. Nxc6 bxc6 14. Na4 a5
15. b3 Bf5 16. Qd4 Nd7 17. Rc3 Rab8 18. Rfc1 Rbc8 19. Nc5 Rb8 20. Nxd7 Bxd7 21.
Rc5 Ra8 22. Bf3 Rfe8 23. Qa4 Reb8 24. Rxa5 Qf8 25. h3 h6 26. Rcc5 Qd8 27. Be2 g6
28. Bf1 Rxa5 29. Rxa5 Bf5 30. b4 Rc8 31. Qd1 Qf6 32. Qc1 Rb8 33. a3 Kg7 34. Ra6
Rc8 35. a4 d4 36. exd4 Qxd4 37. Rxc6 Rxc6 38. Qxc6 Qxb4 39. Qb5 Qd4 40. a5 Be4
41. a6 Ba8 42. Qb8 Bc6 43. a7 Qa1 44. Qc8 Bd5 45. Qa6 Qd4 46. Qa3 Qe4 47. Qe3 f5
48. Qxe4 fxe4 49. f3 Bb7 50. fxe4 Bxe4 51. g3 1-0

[Event "Challenge"]
[Site "http://www.queenalice.com/game.php?id=1259138"]
[Date "2014.2.23"]
[Round "-"]
[White "CarlosOlivas"]
[Black "fernando1971"]
[Result "1-0"]
[WhiteElo "2501"]
[BlackElo "2440"]

1. d4 d5 2. Nf3 Nf6 3. c4 e6 4. Nc3 Be7 5. Bf4 O-O 6. e3 Nc6 7. cxd5 exd5 8. h3
Bf5 9. Bd3 Ne4 10. O-O Re8 11. Rc1 Nxc3 12. Rxc3 Bxd3 13. Qxd3 a6 14. Rfc1 Qd7
15. a3 f6 16. Qd1 Rad8 17. Ne1 Rc8 18. Nd3 Bf8 19. Nc5 Bxc5 20. Rxc5 Red8 21.
Bg3 Qf7 22. Qb3 Rb8 23. Rd1 Kh8 24. e4 Qe7 25. exd5 Nxd4 26. Rxc7 Qxc7 27. Rxd4
Qd7 28. Bxb8 Rxb8 29. d6 Rd8 30. Qc4 h6 31. Qc7 Kg8 32. f4 h5 33. f5 Kf8 34.
Qxd7 Rxd7 35. Kf2 Kf7 36. Kf3 b5 37. Ke4 Ke8 38. Kd5 Kd8 39. Rh4 1-0

[Event "Challenge"]
[Site "http://www.queenalice.com/game.php?id=1263395"]
[Date "2014.3.8"]
[Round "-"]
[White "CarlosOlivas"]
[Black "Apatride"]
[Result "1-0"]
[WhiteElo "2477"]
[BlackElo "2660"]

1. d4 d5 2. Nf3 Nf6 3. c4 e6 4. Nc3 c6 5. Bg5 dxc4 6. e4 b5 7. e5 h6 8. Bh4 g5
9. Nxg5 hxg5 10. Bxg5 Nbd7 11. exf6 Nxf6 12. g3 Rg8 13. h4 Bb7 14. Bg2 a6 15.
O-O Be7 16. Re1 Qd7 17. b3 cxb3 18. axb3 Rd8 19. Qf3 Rg6 20. Rad1 Ba8 21. Bxf6
Bxf6 22. h5 Rh6 23. Qf4 Bg7 24. Ne4 Qe7 25. g4 Kf8 26. Bf3 Rf6 27. Nxf6 Bxf6 28.
Qh6+ Bg7 29. Qc1 Rd6 30. g5 Rd8 31. h6 Bh8 32. Qf4 Bb7 33. Re3 Qd6 34. Qg4 Rd7
35. g6 f5 36. g7+ Bxg7 37. Qg6 Re7 38. h7 Re8 39. Bh5 Qd7 40. Rde1 Bc8 41. Qxf5+
Ke7 42. Bxe8 Kxe8 43. Rxe6+ Kd8 44. Re8+ Kc7 45. R1e7 Kb6 46. Rxd7 Bxd7 47. Rb8+
Ka5 48. Qc5 Bf8 49. Qc3+ Bb4 50. Qa1+ 1-0

[Event "Challenge"]
[Site "http://www.queenalice.com/game.php?id=1263399"]
[Date "2014.3.8"]
[Round "-"]
[White "Apatride"]
[Black "CarlosOlivas"]
[Result "0-1"]
[WhiteElo "2680"]
[BlackElo "2489"]

1. e4 e6 2. d4 d5 3. Nd2 Nf6 4. e5 Nfd7 5. f4 c5 6. c3 Nc6 7. Ndf3 Be7 8. Bd3
Qb6 9. Ne2 f6 10. a4 f5 11. O-O c4 12. Bc2 Na5 13. Nd2 O-O 14. Ng3 Re8 15. Qh5
g6 16. Qd1 Nb8 17. Rf2 Nbc6 18. Ngf1 Bd7 19. Ne3 Rac8 20. Qe2 Nd8 21. Rf3 Kh8
22. Rh3 Rg8 23. Rb1 Rg7 24. Kh1 Nf7 25. b4 cxb3 26. Nxb3 Nxb3 27. Rxb3 Qc7 28.
Rb1 Qxc3 29. Rxb7 Bxa4 30. Bd2 Qa1+ 31. Qd1 Qxd1+ 32. Bxd1 Bxd1 33. Rxe7 Bg4 34.
Nxg4 fxg4 35. Ra3 Nh6 36. Rxe6 Rgc7 37. Kg1 Rc2 38. Be1 Nf5 39. Rxa7 Re2 40. Kf1
Rb2 41. Kg1 Kg8 42. Rd7 Rbb8 43. h3 g3 44. Ra6 Rb1 45. Kf1 g5 46. e6 gxf4 47. e7
Kf7 48. e8=Q+ Kxe8 49. Rxh7 f3 50. gxf3 g2+ 51. Kxg2 Rxe1 52. h4 Re7 53. Rh8+
Kd7 54. Rxc8 Kxc8 55. Kh3 Nxd4 56. f4 Kd7 57. h5 Nc6 58. Kg4 Re1 59. Kf5 d4 60.
Ra2 Rh1 61. Kg6 Ne7+ 62. Kg5 Ke6 63. Ra6+ Kd5 64. Ra5+ Kc4 65. Ra4+ Kc3 66. Ra3+
Kb4 67. Rf3 Kc4 68. f5 Rg1+ 69. Kh4 d3 70. Rf4+ Kc3 71. Rf3 Kd4 72. f6 Nf5+ 73.
Rxf5 d2 74. Rf4+ Ke5 75. Rf5+ Ke6 76. f7 d1=Q 77. Rf6+ Kd7 78. f8=N+ Ke7 79.
Re6+ Kf7 80. Rg6 Qe1+ 81. Kh3 Qf1+ 82. Kh4 Qf4+ 83. Kh3 Qf3+ 0-1

[Event "AUTO-ELITE-1197"]
[Site "http://www.queenalice.com/game.php?id=1271347"]
[Date "2014.4.8"]
[Round "2"]
[White "CarlosOlivas"]
[Black "FabioDavid"]
[Result "1-0"]
[WhiteElo "2508"]
[BlackElo "2543"]

1. d4 Nf6 2. c4 g6 3. Nc3 d5 4. Nf3 Bg7 5. Qb3 dxc4 6. Qxc4 O-O 7. e4 c6 8. Be2
e5 9. dxe5 Ng4 10. Bf4 Nd7 11. e6 Nge5 12. exf7+ Rxf7 13. Nxe5 Nxe5 14. Qb3 Qe7
15. Bg3 a5 16. O-O b5 17. Nd1 a4 18. Qc2 Be6 19. Ne3 Rd8 20. b3 axb3 21. axb3
Qb4 22. Rad1 Rc8 23. Bxe5 Bxe5 24. Bg4 Bxg4 25. Nxg4 Bg7 26. h3 h5 27. Nh2 Qc3
28. Qb1 Rcf8 29. Rd3 Qc5 30. b4 Qe7 31. Rg3 1-0

[Event "AUTO-ELITE-1197"]
[Site "http://www.queenalice.com/game.php?id=1271348"]
[Date "2014.4.8"]
[Round "2"]
[White "FabioDavid"]
[Black "CarlosOlivas"]
[Result "1/2-1/2"]
[WhiteElo "2542"]
[BlackElo "2517"]

1. e4 e6 2. f4 d5 3. e5 Nh6 4. Nf3 c5 5. c3 Qb6 6. Na3 Nc6 7. Nc2 Bd7 8. Be2 Be7
9. b3 O-O 10. Ne3 f6 11. exf6 Rxf6 12. g3 Rd8 13. O-O Be8 14. Bd3 Bh5 15. Qc2
Kh8 16. Ng5 e5 17. Nxh7 Rfd6 18. Ng5 exf4 19. gxf4 Bxg5 20. fxg5 Nf7 21. Bf5
Nxg5 22. d3 Ne5 23. Qg2 Nef3+ 24. Kh1 Rh6 25. Bg4 Nxh2 26. Nf5 Bxg4 27. Nxh6 Bf3
28. Rxf3 Nhxf3 29. Bxg5 Nxg5 30. Qxg5 Qxh6+ 31. Qxh6+ gxh6 32. Re1 c4 33. dxc4
dxc4 34. bxc4 Rd7 35. Re6 Kg7 1/2-1/2

[Event "AUTO-ELITE-1653"]
[Site "http://www.queenalice.com/game.php?id=1414456"]
[Date "2016.3.22"]
[Round "1"]
[White "capaputi"]
[Black "CarlosOlivas"]
[Result "0-1"]
[WhiteElo "2256"]
[BlackElo "2550"]

1. Nf3 d5 2. c4 d4 3. d3 c5 4. g3 Nc6 5. Bg2 Nf6 6. O-O e5 7. a3 a5 8. Bg5 Be7
9. Nbd2 O-O 10. b3 Bg4 11. h3 Be6 12. Kh2 h6 13. Bxf6 Bxf6 14. Ne1 Qd7 15. Nc2
Rad8 16. Rb1 Be7 17. h4 f5 18. Bxc6 Qxc6 19. b4 cxb4 20. axb4 a4 21. Na3 f4 22.
Ne4 Bf5 23. f3 Bxe4 24. dxe4 fxg3+ 25. Kg2 Rf4 26. Qd3 Rxh4 27. Rh1 Rxh1 28.
Rxh1 Bxb4 29. Nb5 Ra8 30. Ra1 Qc5 31. Kxg3 Qe7 32. Qc2 Ra6 33. Rh1 Qg5+ 34. Kf2
Rg6 0-1

[Event "AUTO-ELITE-1653"]
[Site "http://www.queenalice.com/game.php?id=1414457"]
[Date "2016.3.22"]
[Round "1"]
[White "CarlosOlivas"]
[Black "capaputi"]
[Result "1-0"]
[WhiteElo "2552"]
[BlackElo "2253"]

1. d4 d5 2. Nf3 Nf6 3. c4 e6 4. Nc3 Bb4 5. Bg5 O-O 6. e3 h6 7. Bh4 Nbd7 8. cxd5
exd5 9. Bd3 c6 10. Qc2 Re8 11. O-O Nf8 12. h3 Be7 13. Bg3 Bd6 14. Ne5 Be6 15. f4
a6 16. Rae1 Rc8 17. f5 Bd7 18. Nxf7 Kxf7 19. Bxd6 Kg8 20. Qb3 c5 21. dxc5 Kh8
22. Qxb7 Bc6 23. Qxa6 N8d7 24. Ne2 Ne5 25. Bxe5 Rxe5 26. Nd4 Qe8 27. b4 Ba4 28.
Ne6 Ne4 29. Nf4 Ra8 30. Ng6+ Kg8 31. Qb7 Bc6 32. Qc7 Re6 33. fxe6 Qxg6 34. Qxc6
Rxa2 35. Rf8+ Kxf8 36. e7+ 1-0

[Event "AUTO-ELITE-1653"]
[Site "http://www.queenalice.com/game.php?id=1414460"]
[Date "2016.3.22"]
[Round "1"]
[White "jacconsultoria"]
[Black "CarlosOlivas"]
[Result "0-1"]
[WhiteElo "2483"]
[BlackElo "2543"]

1. c4 e5 2. Nc3 Nf6 3. g3 Bb4 4. Bg2 O-O 5. Qc2 Re8 6. a3 Bxc3 7. Qxc3 Nc6 8. b4
d5 9. cxd5 Nxd5 10. Qc2 a5 11. bxa5 Nd4 12. Qd1 Rxa5 13. Bb2 Bd7 14. Bxd4 exd4
15. Nf3 Bb5 16. Nxd4 Nf4 17. gxf4 Qxd4 18. e3 Qxf4 19. Qf3 Qd4 20. Rd1 Rxa3 21.
Qxb7 Raxe3+ 22. fxe3 Qh4# 0-1

[Event "AUTO-ELITE-1653"]
[Site "http://www.queenalice.com/game.php?id=1414461"]
[Date "2016.3.22"]
[Round "1"]
[White "CarlosOlivas"]
[Black "jacconsultoria"]
[Result "1-0"]
[WhiteElo "2554"]
[BlackElo "2487"]

1. d4 Nf6 2. Nf3 d5 3. Bf4 Bf5 4. e3 e6 5. Bd3 Bg6 6. O-O Bd6 7. Bxg6 hxg6 8.
Nbd2 Bxf4 9. exf4 Qd6 10. Ne5 c5 11. c3 Nc6 12. dxc5 Qxc5 13. Nd3 Qb6 14. Re1
O-O 15. Nf3 Ne4 16. g3 Rac8 17. Kg2 Rfd8 18. h4 Na5 19. Qe2 Nc4 20. Rh1 Nf6 21.
Nd4 Re8 22. Rae1 Qa5 23. g4 Ne4 24. h5 gxh5 25. Rxh5 g6 26. Rh3 Kg7 27. f3 Nf6
28. Ne5 Qxa2 29. Nxc4 Qxc4 30. Qe5 Qc7 31. Rh7+ 1-0

[Event "AUTO-ELITE-1654"]
[Site "http://www.queenalice.com/game.php?id=1414564"]
[Date "2016.3.22"]
[Round "1"]
[White "pedrolopez"]
[Black "CarlosOlivas"]
[Result "0-1"]
[WhiteElo "2329"]
[BlackElo "2535"]

1. d4 Nf6 2. Bg5 c5 3. d5 Ne4 4. Bf4 e6 5. f3 Bd6 6. Bxd6 Nxd6 7. Nc3 Qh4+ 8. g3
Qb4 9. dxe6 dxe6 10. Qxd6 Qxb2 11. Rd1 Qxc3+ 12. Kf2 Nd7 13. f4 Qxc2 14. Nf3 Qb2
15. Ne5 Qb6 16. Bg2 Qxd6 17. Rxd6 Nxe5 18. fxe5 Rb8 0-1

[Event "AUTO-ELITE-1654"]
[Site "http://www.queenalice.com/game.php?id=1414565"]
[Date "2016.3.22"]
[Round "1"]
[White "CarlosOlivas"]
[Black "pedrolopez"]
[Result "1-0"]
[WhiteElo "2539"]
[BlackElo "2323"]

1. d4 Nf6 2. Nf3 g6 3. c4 Bg7 4. Nc3 d6 5. e4 O-O 6. h3 e5 7. d5 a5 8. Bd3 Na6
9. a3 Nh5 10. O-O Bd7 11. Rb1 Nc5 12. Bc2 Qe8 13. Be3 f5 14. Bxc5 dxc5 15. d6 c6
16. Na4 fxe4 17. Bxe4 Nf4 18. Nxc5 Nxh3+ 19. gxh3 Bxh3 20. Ng5 1-0

[Event "AUTO-ELITE-1654"]
[Site "http://www.queenalice.com/game.php?id=1414572"]
[Date "2016.3.22"]
[Round "1"]
[White "CarlosOlivas"]
[Black "Sexxy_Bunny"]
[Result "1/2-1/2"]
[WhiteElo "2561"]
[BlackElo "2756"]

1. d4 Nf6 2. c4 e6 3. Nf3 d5 4. Nc3 c6 5. Bg5 h6 6. Bxf6 Qxf6 7. e3 Nd7 8. Bd3
dxc4 9. Bxc4 g6 10. Qc2 Bg7 11. Bb3 Qe7 12. Ne4 O-O 13. O-O e5 14. Ng3 Kh8 15.
Rad1 f5 16. Nxe5 Nxe5 17. dxe5 Bxe5 18. Rd3 c5 19. a4 b6 20. Rfd1 Be6 21. Bxe6
Qxe6 22. Ne2 Rae8 23. h3 g5 24. Kf1 Re7 25. b3 Kg7 26. a5 1/2-1/2

[Event "AUTO-ELITE-1654"]
[Site "http://www.queenalice.com/game.php?id=1414573"]
[Date "2016.3.22"]
[Round "1"]
[White "Sexxy_Bunny"]
[Black "CarlosOlivas"]
[Result "1/2-1/2"]
[WhiteElo "2752"]
[BlackElo "2565"]

1. e4 e6 2. d4 d5 3. Nc3 Nf6 4. Bg5 Be7 5. e5 Nfd7 6. Bxe7 Qxe7 7. f4 O-O 8. Nf3
c5 9. Qd2 a6 10. dxc5 Nxc5 11. a3 b5 12. Qe3 Qa7 13. Nd4 Bd7 14. b4 Na4 15. Nxa4
bxa4 16. c3 Nc6 17. Bd3 Nxd4 18. cxd4 Rfb8 19. Rb1 Bb5 20. Kf2 a5 21. Bc2 Bc4
22. bxa5 Bb3 23. Rhc1 Qxa5 24. Bd3 Qd8 25. f5 Qh4+ 26. Kg1 Bc4 27. Rxb8+ Rxb8
28. fxe6 fxe6 29. Bc2 Rb2 30. Qc3 Ra2 31. Rb1 g6 32. Rb8+ Kg7 33. Rb7+ Kh8 34.
Rb8+ Kg7 1/2-1/2

[Event "AUTO-ELITE-1654"]
[Site "http://www.queenalice.com/game.php?id=1431301"]
[Date "2016.7.11"]
[Round "2"]
[White "CarlosOlivas"]
[Black "Sexxy_Bunny"]
[Result "1/2-1/2"]
[WhiteElo "2599"]
[BlackElo "2724"]

1. d4 Nf6 2. c4 e6 3. Nf3 d5 4. Nc3 c6 5. e3 Nbd7 6. Bd3 dxc4 7. Bxc4 b5 8. Be2
Bb7 9. O-O Be7 10. a3 a5 11. b3 O-O 12. Bb2 b4 13. Na4 c5 14. axb4 axb4 15. Rc1
Rc8 16. dxc5 Nxc5 17. Nxc5 Bxc5 18. Nd2 Be7 19. Rxc8 Qxc8 20. Nc4 Rd8 21. Qa1
Qc5 22. Rd1 Ra8 23. Qc1 h6 24. Be5 Ne4 25. f3 Nc3 26. Bxc3 bxc3 27. Qxc3 Bd5 28.
Kf2 f5 29. g3 Ra2 30. Rd2 Bf6 31. Qc1 Ra8 32. Qc2 Qc6 33. Rd1 Rc8 34. Qb1 Rb8
35. Rc1 Bg5 36. h4 Bf6 37. Nd2 Qd6 38. f4 Rd8 39. Qc2 Qe7 40. h5 Bb7 41. Bf3 Qb4
42. Rd1 Rc8 43. Nc4 Bxf3 44. Kxf3 Qb7+ 45. e4 e5 46. fxe5 Bxe5 47. Kg2 fxe4 48.
Qd2 Re8 49. Qd5+ Qxd5 50. Rxd5 Bc3 51. Kf2 Rb8 52. Ke3 Rxb3 53. Kxe4 Bf6 54. g4
Rb4 55. Rc5 1/2-1/2

[Event "AUTO-ELITE-1654"]
[Site "http://www.queenalice.com/game.php?id=1431302"]
[Date "2016.7.11"]
[Round "2"]
[White "Sexxy_Bunny"]
[Black "CarlosOlivas"]
[Result "0-1"]
[WhiteElo "2721"]
[BlackElo "2602"]

1. e4 e6 2. d4 d5 3. Nc3 Nf6 4. Bg5 dxe4 5. Nxe4 Be7 6. Bxf6 gxf6 7. Nf3 a6 8.
g3 f5 9. Nc3 b5 10. Bg2 Bb7 11. O-O c5 12. dxc5 Bxc5 13. Qxd8+ Kxd8 14. Ne5 Bxg2
15. Kxg2 Ke7 16. Rad1 Rc8 17. Rfe1 Ra7 18. Ne2 Nc6 19. Nxc6+ Rxc6 20. Nc1 b4 21.
Nd3 Rc8 22. b3 Rd7 23. Ne5 Rxd1 24. Rxd1 f6 25. Nc4 e5 26. Rc1 Bd4 27. Rd1 h5
28. Rd2 Bc5 29. Kh3 Rg8 30. Kh4 Ke6 31. Kh3 h4 32. Re2 hxg3 33. hxg3 Rd8 34. Nb2
Rd7 35. Kg2 a5 36. Nc4 a4 37. Re1 Rh7 38. Nb2 a3 39. Nc4 Rg7 40. Rh1 f4 41. Kf3
fxg3 42. fxg3 Rd7 43. Ke2 Rd4 44. Kf3 Rd8 45. Ke2 Rg8 46. Kf3 Kd5 47. Rd1+ Bd4
48. g4 Rh8 49. Kg2 Rh6 50. Ne3+ Ke4 51. Nf5 Rg6 52. Kg3 Bc3 53. Rf1 Rg5 54. Nd6+
Ke3 55. Rxf6 Rg8 56. Nc4+ Ke2 57. Rd6 Be1+ 58. Kh3 Kf1 59. Rh6 e4 60. Rh7 Kg1
61. Rh5 Rf8 62. g5 e3 63. Nxe3 Rf3+ 64. Kg4 Rxe3 65. Kf5 Rc3 66. g6 Rc5+ 67. Kg4
Rxh5 68. Kxh5 Bc3 69. Kh6 Kf2 70. g7 Bxg7+ 71. Kxg7 Ke2 72. Kf6 Kd2 73. Ke5 Kc1
74. Kd5 Kb2 75. Kc5 Kxa2 76. Kxb4 Kb2 77. c4 a2 78. c5 a1=Q 79. c6 Qc1 80. Kb5
Kxb3 81. Kb6 Qe3+ 82. Kc7 Kc4 83. Kb7 Kc5 84. c7 Qe7 85. Ka6 Qd7 86. Kb7 Kb5 87.
Ka7 Qxc7+ 88. Ka8 Qd7 89. Kb8 Kb6 0-1

[Event "AUTO-ELITE-1654"]
[Site "http://www.queenalice.com/game.php?id=1431303"]
[Date "2016.7.11"]
[Round "2"]
[White "CarlosOlivas"]
[Black "grotegeest"]
[Result "1-0"]
[WhiteElo "2590"]
[BlackElo "2640"]

1. d4 Nf6 2. c4 g6 3. Nf3 c5 4. d5 b5 5. cxb5 a6 6. bxa6 Bg7 7. Nc3 O-O 8. a7
Rxa7 9. e4 e6 10. Be2 exd5 11. exd5 d6 12. O-O Na6 13. Bb5 Qb6 14. a4 Nc7 15.
Nd2 Qb8 16. Nc4 Nfxd5 17. Nxd5 Nxb5 18. Bf4 Qb7 19. axb5 Rxa1 20. Qxa1 Qxd5 21.
Nxd6 Be6 22. h4 Qd4 23. Qc1 Qb4 24. Qe3 Rd8 25. h5 Bd4 26. Qf3 c4 27. h6 Qxb2
28. Bg5 1-0

[Event "AUTO-ELITE-1654"]
[Site "http://www.queenalice.com/game.php?id=1431304"]
[Date "2016.7.11"]
[Round "2"]
[White "grotegeest"]
[Black "CarlosOlivas"]
[Result "1/2-1/2"]
[WhiteElo "2658"]
[BlackElo "2581"]

1. e4 e6 2. d4 d5 3. Nc3 Nf6 4. Bg5 dxe4 5. Nxe4 Be7 6. Bxf6 gxf6 7. Nf3 a6 8.
Qe2 f5 9. Nc3 b5 10. O-O-O b4 11. Na4 Qd5 12. c4 Qa5 13. b3 Bd7 14. d5 Bxa4 15.
bxa4 Qxa4 16. dxe6 b3 17. exf7+ Kf8 18. Qe5 b2+ 19. Kxb2 Ba3+ 20. Kc3 Bb4+
1/2-1/2

[Event "AUTO-ELITE-1653"]
[Site "http://www.queenalice.com/game.php?id=1437404"]
[Date "2016.8.23"]
[Round "2"]
[White "Chuzete"]
[Black "CarlosOlivas"]
[Result "0-1"]
[WhiteElo "2466"]
[BlackElo "2577"]

1. c4 e5 2. g3 Nf6 3. Bg2 c6 4. d4 exd4 5. Qxd4 d5 6. Nf3 Be7 7. cxd5 Qxd5 8.
Nc3 Qa5 9. Bf4 O-O 10. O-O Rd8 11. Qe3 Re8 12. a3 Nbd7 0-1

[Event "AUTO-ELITE-1653"]
[Site "http://www.queenalice.com/game.php?id=1437405"]
[Date "2016.8.23"]
[Round "2"]
[White "CarlosOlivas"]
[Black "Chuzete"]
[Result "1-0"]
[WhiteElo "2571"]
[BlackElo "2472"]

1. d4 Nf6 2. Nf3 g6 3. c4 Bg7 4. Nc3 O-O 5. e4 d6 6. h3 e5 7. d5 a5 8. Bd3 Na6
9. O-O Nc5 10. Bc2 Nh5 11. a3 Nf4 12. Rb1 f5 13. exf5 Bxf5 14. Bxf4 exf4 15.
Bxf5 Rxf5 16. b4 1-0